Powiaty z największym współczynnikiem urbanizacji - Statystyki

Ogólne statystyki
  • Ten quiz został rozwiązany 741 razy
  • Średni wynik to 9 z 20
Statystyki odpowiedzi
% Województwo Powiat % Poprawnych
73,17 Łódzkie Zgierski
67%
73,42 Łódzkie Pabianicki
64%
78,72 Dolnośląskie Lubiński
63%
79,15 Dolnośląskie Głogowski
59%
75,85 Śląskie Będziński
53%
68,56 Świętokrzyskie Ostrowiecki
50%
86,35 Śląskie Mikołowski
49%
70,1 Dolnośląskie Świdnicki
49%
72,22 Świętokrzyskie Skarżyski
48%
68,28 Dolnośląskie Zgorzelecki
48%
78,21 Śląskie Bieruńsko-Lędziński
46%
68,17 Śląskie Tarnogórski
45%
66,51 Śląskie Wodzisławski
42%
66,2 Zachodniopomorskie Stargardzki
35%
66,2 Lubuskie Nowosolski
34%
66,55 Mazowieckie Wołomiński
34%
81,39 Dolnośląskie Dzierżoniowski
32%
67,49 Pomorskie Malborski
32%
68,14 Łódzkie Zduńskowolski
27%
68,45 Warmińsko-Mazurskie Olecki
18%
Nie znaleziono quizów pasujących do podanych kryteriów
Rozkład punktacji
Procent ludzi z każdym wynikiem
Percentyl według liczby udzielonych odpowiedzi
Twoja historia wyników
Nie rozwiązałeś tego quizu